The man who wouldn´t listen

সংরক্ষণ করুন:
গ্রন্থ-পঞ্জীর বিবরন
প্রধান লেখক: Nowlan, Connie Wells
বিন্যাস: গ্রন্থ
ভাষা:ইংরেজি
প্রকাশিত: Mountain View, CA. Pacific Press c1982
বিষয়গুলি:
ট্যাগগুলো: ট্যাগ যুক্ত করুন
কোনো ট্যাগ নেই, প্রথমজন হিসাবে ট্যাগ করুন!

MARC

LEADER 00000nam a22000005a 4500
003 CL-ChBUA
005 20120815095548.0
008 120511s1982 xxu||||| |||| 000 ||eng
020 |a 0816304416 
040 |a CL-ChBUA  |c CL-ChBUA 
082 0 0 |a 266.673 
090 |c 29503  |d 29503 
100 1 |a Nowlan, Connie Wells 
245 1 0 |a The man who wouldn´t listen 
260 |a Mountain View, CA.  |b Pacific Press  |c c1982 
300 |a 96 p.  |c 22 cm. 
504 |a índice, il. 
650 4 |a IGLESIA ADVENTISTA DEL SEPTIMO DIA - BIOGRAFIAS - LITERATURA JUVENIL 
650 4 |a MISIONEROS - EUROPA - BIOGRAFIA - LITERATURA JUVENIL 
650 4 |a MISIONEROS - ESTADOS UNIDOS - BIOGRAFIA - LITERATURA JUVENIL 
650 4 |a IGLESIA ADVENTISTA DEL SEPTIMO DIA - PUBLICACIONES 
942 |c LIB 
952 |0 0  |1 0  |4 0  |7 0  |9 68924  |a UNACH  |b UNACH  |c 200  |d 2012-05-11  |i 48.864  |l 0  |o 266.673 / N 948  |p 70056  |r 2012-12-27 00:00:00  |u 68924  |w 2012-08-08  |y LIB  |k 266.673 / N 948 
999 |c 29503  |d 29503